| 000 | 00000cas 2200000zi 4500 |
| 001 | 9.962737 |
| 003 | CaOODSP |
| 005 | 20260513111559 |
| 006 | m o d f |
| 007 | cr cn |||||||| |
| 008 | 260512d19851991oncqx p o f0### 0eng|d |
| 022 | |y1184-9428 |
| 040 | |aCaOODSP|beng|erda|cCaOODSP |
| 043 | |an-cn--- |
| 086 | 1 |aC12-14E-PDF |
| 130 | 0 |aInnovation (Ottawa, Ont.). |lEnglish. |
| 245 | 10|aInnovation. |
| 246 | 13|aInnovation supplement |
| 264 | 1|aOttawa, Ontario : |bDepartment of Regional Industrial Expansion, |c[1985-1991] |
| 310 | |aQuarterly |
| 336 | |atext|btxt|2rdacontent |
| 337 | |acomputer|bc|2rdamedia |
| 338 | |aonline resource|bcr|2rdacarrier |
| 362 | 1 |aBegan with: March 1985; ceased with: Summer 1991. |
| 500 | |aIssued also in French under title: L'innovation. |
| 500 | |aDigitized publication from print [produced by Innovation, Science and Economic Development Canada]. |
| 525 | |aSupplement to: Canada commerce. |
| 550 | |aIssued by: Industry, Science and Technology Canada, 1988-1991. |
| 588 | |aDescription based on: March 1985; title from PDF cover page. |
| 588 | |aLatest issue consulted: Summer 1991. |
| 650 | 0|aTechnological innovations|zCanada|vPeriodicals. |
| 650 | 0|aTechnology transfer|zCanada|vPeriodicals. |
| 655 | 7|aPeriodicals|2lcgft |
| 710 | 1 |aCanada. |bDepartment of Regional Industrial Expansion, |eissuing body. |
| 710 | 1 |aCanada. |bIndustry, Science and Technology Canada, |eissuing body. |
| 775 | 08|tL'innovation.|w(CaOODSP)9.962736 |
| 780 | 00|tNew products bulletin.|w(CaOODSP)9.958409 |